Statistics for vampire empire lyrics big theif

Click here to take the quiz!

General Stats

  • This quiz has been taken 55 times
  • The average score is 255 of 359

Answer Stats

Answer% Correct
a
100%
i
100%
the
100%
be
96%
you
96%
all
93%
not
93%
me
89%
what
89%
and
86%
are
86%
on
86%
see
86%
with
86%
i'm
82%
in
82%
just
82%
to
82%
your
82%
as
79%
dead
79%
it
79%
quiet
79%
by
75%
empire
75%
expired
75%
leaves
75%
said
75%
then
75%
tv
75%
vampire
75%
want
75%
you've
75%
bed
71%
has
71%
watching
71%
yourself
71%
am
68%
been
68%
every
68%
falling
68%
inside
68%
like
68%
milk
68%
tired
68%
can't
64%
chills
64%
everything
64%
fire
64%
had
64%
hear
64%
kills
64%
out
64%
read
64%
start
64%
time
64%
books
61%
dagger
61%
empty
61%
fills
61%
for
61%
give
61%
it's
61%
i've
61%
last
61%
let
61%
outside
61%
pills
61%
she
61%
snow
61%
spin
61%
through
61%
we
61%
alive
57%
ask
57%
bleeding
57%
feeling
57%
go
57%
guilt
57%
her
57%
hold
57%
man
57%
matches
57%
nothing
57%
seem
57%
til
57%
trying
57%
until
57%
walked
57%
wanted
57%
woman
57%
alive
54%
him
54%
receiving
54%
scream
54%
that
54%
turn
54%
under
54%
understand
54%
yeah
54%
around
50%
earthly
50%
into
50%
naked
50%
children
46%
could
46%
disease
46%
flower
46%
my
46%
one
46%
overwhelmed
46%
reeling
46%
wanna
46%
filled
43%
kiss
43%
lay
43%
open
43%
say
43%
so
43%
keep
39%
rejecting
39%
shower
39%
surrender
39%
there
39%
where
39%
alone
36%
come
36%
control
36%
feeding
36%
find
36%
skin
36%
dissecting
32%
pillow
32%
powers
32%
upon
32%
hour
29%
emptied
25%
realising
25%
drills
21%
fed
21%
projecting
21%
well
18%
pond
14%
jumped
7%

Score Distribution

Percentile by Number Answered

Percent of People with Each Score

Your Score History

You have not taken this quiz